书目信息 |
| 题名: |
工业污染源全过程控制与管理
|
|
| 作者: | 王金南 编著 | |
| 分册: | ||
| 出版信息: | 北京 中国环境科学出版社 1997.03 |
|
| 页数: | 195页 | |
| 开本: | 16开 | |
| 丛书名: | ||
| 单 册: | ||
| 中图分类: | X , X708 | |
| 科图分类: | ] | |
| 主题词: | 环境科学 , ?0 , 安全学 , 劳动?0 , 废物 , 废物处理 , 废物综合利用 | |
| 电子资源: | ||
| ISBN: | 7-80135-234-3 | |
| 000 | 00770nam0 2200289 45 | |
| 001 | 0006021094 | |
| 005 | 20000602103945.7 | |
| 010 | @a7-80135-234-3@d19.50元 | |
| 100 | @a20000602d1997 km y0chiy0120 ea | |
| 101 | @achi | |
| 105 | @a z 000yy | |
| 200 | 1 | @a工业污染源全过程控制与管理@AGong Ye Wu Ran Yuan Quan Guo Cheng Kong Zhi Yu Guan Li@f王金南等编著@FWang Jin Nan Deng Bian Zhu |
| 210 | @a北京@c中国环境科学出版社@d1997.03 | |
| 215 | @a195页@d16开 | |
| 606 | 0 | @a环境科学 |
| 606 | 0 | @a?0 |
| 606 | @a安全学 | |
| 606 | 0 | @a劳动?0 |
| 606 | @a废物 | |
| 606 | 0 | @a废物处理 |
| 606 | 0 | @a废物综合利用 |
| 690 | @aX@v3 | |
| 690 | @aX708 | |
| 692 | @a] | |
| 701 | @a王金南@4编著 | |
| 801 | @aCN@bPftUser@c20000602 | |
| 905 | @f3@b57964-966@dX708@eW555 | |
| 工业污染源全过程控制与管理/王金南等编著.-北京:中国环境科学出版社,1997.03 |
| 195页;16开 |
| ISBN 7-80135-234-3:19.50元 |
| ● |
| 相关链接 |
|
|
|
正题名:工业污染源全过程控制与管理
索取号:X708/W555
 
预约/预借
| 序号 | 登录号 | 条形码 | 馆藏地/架位号 | 状态 | 备注 |
| 1 | 57964 | 200579640 | 自科库501/501自科库 108排1列6层/ [索取号:X708/W555] | 在馆 | |
| 2 | 57965 | 200579659 | 自科二线504/504自科库 13排3列1层/ [索取号:X708/W555] | 在馆 | |
| 3 | 57966 | 200579668 | 自科库501/501自科库 108排1列6层/ [索取号:X708/W555] | 在馆 |